| 000 | 00850cab a22001935a 4500 | ||
|---|---|---|---|
| 001 | L154704 | ||
| 008 | 120116e20120106xxk 000 0 eng d | ||
| 035 | _a(Sirsi) u154704 | ||
| 041 | 0 | _aeng | |
| 100 | 1 | _aHatcher, David | |
| 245 | 0 | 0 | _aProperty's prophecies |
| 260 | _c2012 | ||
| 490 | 0 |
_aProperty Week _v78(01) 6 January 2012, 26-29(4) |
|
| 520 | _aExplains how London retail and the Eurozone will shape the property market in 2012: Olympics' opportunities, the Shard, the London commercial property bubble, retail innovation to survive, and the London mayoral contest. Table gives the predictions of 10 property luminaries on 12 issues. Paul McNamara, former head of research at Prupim, gives his (satirical) take on the sector in 2022. | ||
| 590 | _aKA | ||
| 650 | 2 | 4 |
_aCommercial property _96227 |
| 651 | 4 |
_aUnited Kingdom _y |
|
| 942 | _n0 | ||
| 999 |
_c83710 _d83710 |
||